Algunos comentarios respecto de la aplicación de la ley penal tributaria sobre los tributos locales (Registro nro. 22332)
[ vista simple ]
| 000 -LEADER | |
|---|---|
| fixed length control field | 00402 a2200109 4500 |
| 001 - CONTROL NUMBER | |
| control field | ART_27082 |
| 005 - DATE AND TIME OF LATEST TRANSACTION | |
| control field | 20260410161821.0 |
| 008 - FIXED-LENGTH DATA ELEMENTS--GENERAL INFORMATION | |
| fixed length control field | 260409a |
| 100 1# - MAIN ENTRY--PERSONAL NAME | |
| Personal name | Semachowicz, Esteban D. |
| 245 10 - TITLE STATEMENT | |
| Title | Algunos comentarios respecto de la aplicación de la ley penal tributaria sobre los tributos locales |
| 773 0# - HOST ITEM ENTRY | |
| Title | Doctrina Penal Tributaria y Económica |
| Related parts | - Nº 34 (nov. 2014) |
| Record control number | REV4317 |
No hay ítems disponibles.